Statistics for NFL Trivia

Click here to take the quiz!

General Stats

  • This quiz has been taken 126 times
  • The average score is 9 of 16

Answer Stats

QuestionsAnswer% Correct
Do the refs meat ride Patrick Mahomes? ( ESPECIALLY In the super bowl )Yes
88%
Was Kyler Murray only on the PUP list to make sure that football wouldn't get in the way of his Call of Duty career?Yes
88%
How many Laces are on a football8
82%
What team was the only team to have a perfect seasonDolphins
82%
What was the browns record in the 20170-16
80%
What team is the newestTexans
80%
Who won the super bowl in the 2017-18 seasonEagles
77%
Was is JJetas signature dance that he does after basically every TDGriddy
74%
What is Rob Gronkowski's nickname?Gronk
66%
What College did Jalen Hurts start college at?Alabama
52%
What was the first nfl teamCardinals
45%
What stadium did Antonio Brown run off the field mid game?Metlife
28%
What Patriots TE is known for the worst griddy of all time?Mike Gesicki
22%
What team were the Eagles playing in 2022 while Jalen Hurts hit the griddy after the TD?Vikings
20%
What NHL teams mascot is JJetas signature dance, although it is not spelled the same?Flyers
13%
What is the song that C.J. Stroud dances to?Soak City
11%

Score Distribution

Percentile by Number Answered

Percent of People with Each Score

Your Score History

You have not taken this quiz